| 000 | 02127cam a22004694i 4500 | ||
|---|---|---|---|
| 003 | PE-LiUPU | ||
| 005 | 20250731173342.0 | ||
| 008 | 150706s2005 sp r 000 0 spa d | ||
| 020 | _a8481696358 | ||
| 035 | _a(Sirsi) i9788481696356 | ||
| 040 |
_aPE-LiUPU _bspa _cPE-LiUPU _erda |
||
| 049 | _aPRUA | ||
| 082 | 0 | 4 |
_a242 _bV65 _221 |
| 100 | 1 |
_aVílchez, José, _eautor. |
|
| 245 | 1 | 0 |
_aVosotros, cuando oréis, decid : _bPadre nuestro / _cJosé Vílchez. |
| 264 | 1 |
_aEstella (Navarra) : _bVerbo Divino, _c2005. |
|
| 300 |
_a288 páginas ; _c22 centímetros |
||
| 336 |
_atext _2rdacontent |
||
| 337 |
_aunmediated _2rdamedia |
||
| 338 |
_avolume _2rdacarrier |
||
| 490 | 1 |
_aEl mundo de la Biblia. Horizontes ; _v4 |
|
| 505 | 0 | _aGrandezaLa oración, encuentro y diálogo con el Señor -- Grandeza de Dios y pequeñez humana -- Diálogo entre Dios y el hombre Antiguo Testamento -- Diálogo entre Dios y el hombre, según Antiguo Testamento -- La práctica de la oración según el Antiguo Testamento -- La oración según el nuevo testamento -- El padrenuestro -- Padre Nuestro -- Padre nuestro que estás en los cielos -- Santificado sea tu nombre -- Venga a nosotros tu reino -- Damos hoy nuestro pan de cada día -- Perdonamos nuestra ofensa, como nosotros perdonamos -- No nos dejes. | |
| 526 | _aSEG42 | ||
| 526 | _aSEG41 | ||
| 526 | _aSEG40 | ||
| 526 | _aSEG39 | ||
| 526 | _aP94 | ||
| 526 | _aP87 | ||
| 526 | _aP86 | ||
| 526 | _aP85 | ||
| 526 | _aP77 | ||
| 526 | _aP76 | ||
| 526 | _aP35 | ||
| 541 | _g007-0020315; | ||
| 650 | 0 | 4 |
_aPadrenuestro _xMeditaciones. |
| 910 |
_agl _bjv _cng _d20090916 |
||
| 942 |
_2ddc _cBOOK |
||
| 949 |
_a242 V65 _wDEWEY _c1 _i60339 _d2015-10-25 _e2015-10-23 _lCCODEBUL1 _mBUL _n2 _p19.00 _r0 _sY _tBOOK _u2015-7-6 _xTEOLOGIA _zUNKNOWN _0COMPRA _o.STAFF. Colección Teología |
||
| 994 |
_aC0 _bPEPRU |
||
| 596 | _a1 | ||
| 999 |
_a242 V65 _wDEWEY _c49801 _i60339 _d49801 _e2015-10-23 _f2021-11-10 _g5 _lCCODEBUL1 _mBUL _n2 _p19.00 _q2 _r0 _sY _tBOOK _u2015-7-6 _xTEOLOGIA _PP35 _0COMPRA _o.STAFF. Colección Teología |
||
| 980 |
_81 _gALBERTO SANCHEZ Responsable de Automatización |
||